My school trip / (Record no. 355206)
[ view plain ]
| 000 -LEADER | |
|---|---|
| fixed length control field | 00470nam a2200181Ia 4500 |
| 008 - FIXED-LENGTH DATA ELEMENTS--GENERAL INFORMATION | |
| fixed length control field | 180207s9999 xx 000 0 und d |
| 020 ## - INTERNATIONAL STANDARD BOOK NUMBER | |
| International Standard Book Number | 9780545382700 |
| 050 ## - LIBRARY OF CONGRESS CALL NUMBER | |
| Item number | K418 2012 |
| 100 ## - MAIN ENTRY--PERSONAL NAME | |
| Personal name | Kertell, Lynn Maslen. |
| 245 ## - TITLE STATEMENT | |
| Title | My school trip / |
| 245 ## - TITLE STATEMENT | |
| Statement of responsibility, etc | Lynn Maslen Kertell ; illustrated by Sue Hendra. |
| 260 ## - PUBLICATION, DISTRIBUTION, ETC. (IMPRINT) | |
| Place of publication, distribution, etc | New York : |
| 260 ## - PUBLICATION, DISTRIBUTION, ETC. (IMPRINT) | |
| Name of publisher, distributor, etc | Scholastic, |
| 260 ## - PUBLICATION, DISTRIBUTION, ETC. (IMPRINT) | |
| Date of publication, distribution, etc | 2012 |
| 300 ## - PHYSICAL DESCRIPTION | |
| Extent | 32 pages : |
| 300 ## - PHYSICAL DESCRIPTION | |
| Other physical details | color illustration ; |
| 440 ## - SERIES STATEMENT/ADDED ENTRY--TITLE | |
| Title | Bob books. |
| Withdrawn status | Lost status | Damaged status | Home library | Current library | Date acquired | Total Checkouts | Full call number | Barcode | Date last seen | Price effective from | Koha item type |
|---|---|---|---|---|---|---|---|---|---|---|---|
| Stonyhurst Southville International School (Malarayat) | Stonyhurst Southville International School (Malarayat) | 02/07/2018 | ER K418 2012 | SSISM4751 | 02/07/2018 | 02/07/2018 | Books |